[Event "Mumbai Wealth op U13 4th"]
[Site "Mumbai"]
[Date "2018.12.30"]
[Round "1"]
[White "Kshatriya, Nitin Vekhande"]
[Black "Jain, Hitansh"]
[Result "1-0"]
[WhiteElo "1544"]
[BlackElo "1008"]
[PlyCount "83"]
[EventDate "2018.12.30"]
[EventType "swiss"]
[EventRounds "9"]
[EventCountry "IND"]
[SourceTitle "CBM 188 Extra"]
[Source "ChessBase"]
[SourceDate "2019.02.26"]
[SourceVersion "1"]
[SourceVersionDate "2019.02.26"]
[SourceQuality "1"]

1. e4 c6 2. d4 d5 3. exd5 cxd5 4. Bd3 Nc6 5. c3 Qc7 6. Bg5 Nf6 7. Nf3 Bg4 8. Nbd2 e6 9. 0-0 Bd6 10. Qc2 h6 11. Bh4 0-0-0 12. a4 Rhe8 13. Bb5 a6 14. Bxc6 bxc6 15. b4 g5 16. Bg3 Bxg3 17. fxg3 Bf5 18. Qb3 Qb7 19. Ne5 Ng4 20. Ndf3 Nxe5 21. Nxe5 f6 22. Nf3 Bd3 23. Rf2 Bc4 24. Qb1 e5 25. dxe5 fxe5 26. Qf5+ Qd7 27. Nxe5 Qxf5 28. Rxf5 Rd6 29. Nf3 Rde6 30. Rc1 g4 31. Nd4 Re1+ 32. Rxe1 Rxe1+ 33. Kf2 Rc1 34. Nxc6 Rxc3 35. Rh5 Rc2+ 36. Ke3 Rxg2 37. Rxh6 Re2+ 38. Kd4 Rd2+ 39. Kc5 Rc2 40. Kd6 Kb7 41. Rh8 Bb3 42. Rb8# 1-0

[Event "IND-ch U09 op 32nd"]
[Site "Ranchi"]
[Date "2018.09.15"]
[Round "1.8"]
[White "Jain, Hitansh"]
[Black "Bhagat, Kush"]
[Result "0-1"]
[WhiteElo "1008"]
[BlackElo "1539"]
[PlyCount "56"]
[EventDate "2018.09.15"]
[EventType "swiss"]
[EventRounds "11"]
[EventCountry "IND"]
[SourceTitle "EXT 2024"]
[Source "ChessBase"]
[SourceDate "2023.10.10"]
[SourceVersion "1"]
[SourceVersionDate "2023.10.10"]
[SourceQuality "1"]

1. c4 Nf6 2. Nc3 g6 3. g3 Bg7 4. Bg2 d6 5. d3 0-0 6. e4 Nbd7 7. Nge2 e5 8. 0-0 a5 9. Be3 b6 10. f4 Bb7 11. Qd2 Ng4 12. Nd5 Bxd5 13. cxd5 Nxe3 14. Qxe3 a4 15. b3 axb3 16. axb3 Rxa1 17. Rxa1 exf4 18. Qc1 f3 19. Bxf3 Qf6 20. Bg4 Ne5 21. Qxc7 Nxg4 22. Rf1 Qb2 23. Re1 Bd4+ 24. Kg2 Bf2 25. Qc1 Qxb3 26. Rh1 Qxd3 27. Nc3 Be3 28. Qb2 Bd2 0-1